| 000 | 00460cam a2200193 4500 | ||
|---|---|---|---|
| 001 | D1452 | ||
| 008 | 090401t1977 xxu||||| |||| 00| 0 eng d | ||
| 035 | _a(Sirsi) u64096 | ||
| 041 | _aeng | ||
| 050 | _a726 | ||
| 100 | _aBinney, Marcus | ||
| 245 | _aChange and decay: the future of our churches | ||
| 260 |
_aLondon _bStudio Vista _c1977 |
||
| 300 | _a192p. ill. 24cm | ||
| 350 | _a3.75 | ||
| 700 | _aBurman, Peter | ||
| 942 | _n0 | ||
| 948 | _c04/03/1997 | ||
| 999 |
_c94641 _d94641 |
||